00667 2200181 4500245005900000020001800059250001100077100002600088700001800114650001000132005001900142260003300161041001400194084001000208300002500218500023300243336000900476 aRenungan - Renungan ZikircMuhammad Arifin IlhamhText a979-97464-3-4 aCet. 1 aMuhammad Arifin Ilham aAchmad Nawawi aZikir a20240506120225 aJakartabIntuisi Pressc2003 aIndonesia a2X5.4 a180 hlm. :c17.5 cm. aBuku ini berisi renungan-renungan dan refleksi tentang zikir. Penuh kontemplasi yang mendalam, kaya akan ide-ide segar dan menggugah. Disajikan dengan bahasa hati, menyejukkan dan menyadarkan kepada hal-hal yang baik dan benar. atext